Tvorba životního slohu

Salvato in:
Dettagli Bibliografici
Autore principale: Honzík, Karel (Autore)
Natura: Libro
Lingua:ceco
Pubblicazione: Praha : V.Petr, 1947
Edizione:2. vyd.
Soggetti:
Tags: Aggiungi Tag
Nessun Tag, puoi essere il primo ad aggiungerne!!

MARC

LEADER 00000nam a22000003a 4500
001 stu11265
005 20200123112217.4
008 950316s1947----cs------------------cze-d
040 |a STU  |b slo 
041 0 |a cze 
044 |a cs 
100 1 |a Honzík, Karel  |4 aut 
245 1 |a Tvorba životního slohu 
250 |a 2. vyd. 
260 |a Praha :  |b V.Petr,  |c 1947 
300 |a 498 s 
650 7 |a architektúra-dejiny  |2 stusub 
650 7 |a funkcionalizmus 
996 |b 284AU02247  |c A*2007 U  |l AAKNAR  |s A  |a 24  |w stu11265_0001